000 00297nam a22001337a 4500
008 170328b xxu||||| |||| 00| 0 eng d
020 _a9780321676238
041 _aeng
080 _23RD
_a796.3
100 _a8
101 _aSHM
245 _aTOTAL FITNESS&WELLNESS
_cPOWERS, S.K
942 _2udc
_cBK
999 _c8814
_d8814